Score 0/24 Timer 03:00
0 Plays Today
Clue Answer % Correct
Elizabeth Banks (Effie)Virgin
92.4%
Jennifer Lawrence (Katniss)Silver
92.3%
Stanley Tucci (Caesar)Prada
91.5%
Liam Hemsworth (Gale)Hunger
90.5%
Donald Sutherland (President Snow)Buffy
88.9%
Jennifer Lawrence (Katniss)First
82.1%
Josh Hutcherson (Peeta)Bridge
80.9%
Woody Harrelson (Haymitch)White
80.6%
Josh Hutcherson (Peeta)Kids
75.2%
Philip Seymour Hoffman (Plutarch)Ides
71.5%
Stanley Tucci (Caesar)Road
70.4%
Donald Sutherland (President Snow)People
67.5%
Clue Answer % Correct
Stanley Tucci (Caesar)Lovely
65.6%
Woody Harrelson (Haymitch)Killers
62.5%
Donald Sutherland (President Snow)Separation
61.2%
Philip Seymour Hoffman (Plutarch)Talented
58.6%
Josh Hutcherson (Peeta)Red
57.1%
Woody Harrelson (Haymitch)Larry
56.2%
Jennifer Lawrence (Katniss)Bone
51.5%
Philip Seymour Hoffman (Plutarch)Devil
51.2%
Elizabeth Banks (Effie)Idiot
38.8%
Liam Hemsworth (Gale)Song
30.9%
Elizabeth Banks (Effie)Ledge
29.4%
Liam Hemsworth (Gale)State
25.3%

Today's Daily Dose

Remove Ads.
Support Sporcle.
Get the best of Sporcle when you Go Orange. This ad-free experience offers more features, more stats, and more fun while also helping to support Sporcle. Thank you for becoming a member.

You're not logged in!

Compare scores with friends on all Sporcle quizzes.
OR
Log In

Show Comments

Extras

Top Quizzes Today


Score Distribution

Your Account Isn't Verified!

In order to create a playlist on Sporcle, you need to verify the email address you used during registration. Go to your Sporcle Settings to finish the process.

Report this User

Report this user for behavior that violates our Community Guidelines.

Details: